书目信息 |
| 题名: |
桑蚕高效生态种养关键技术
|
|
| 作者: | 吴洪丽 , 郝瑜 主编 | |
| 分册: | ||
| 出版信息: | 武汉 湖北科学技术出版社 2017.12 |
|
| 页数: | 222页 | |
| 开本: | 24cm | |
| 丛书名: | ||
| 单 册: | ||
| 中图分类: | S88 | |
| 科图分类: | ||
| 主题词: | 蚕桑生产 | |
| 电子资源: | ||
| ISBN: | 978-7-5352-9956-7 | |
| 000 | 00893nam0 2200229 450 | |
| 001 | 4961 | |
| 005 | 20181013162219.29 | |
| 010 | @a978-7-5352-9956-7@dCNY35.00 | |
| 100 | @a20180412d2017 em y0chiy50 ea | |
| 101 | 0 | @achi |
| 102 | @aCN@b420000 | |
| 105 | @ay z 000yy | |
| 200 | 1 | @a桑蚕高效生态种养关键技术@9sang can gao xiao sheng tai zhong yang guan jian ji shu@f吴洪丽,郝瑜主编 |
| 210 | @a武汉@c湖北科学技术出版社@d2017.12 | |
| 215 | @a222页@d24cm | |
| 330 | @a本书实在国家桑蚕产业技术体系武汉综合试验站项目及湖北省科技厅技术创新专项项目支持下的产物。主要内容包括桑树生态栽培、桑园间作套种、果桑休闲采摘、家蚕省力饲养、蚕病综合防治、蚕业资源综合利用等,集成了目前国内最新桑蚕省力高效生态种养关键技术。 | |
| 606 | 0 | @a蚕桑生产 |
| 690 | @aS88@v5 | |
| 701 | 0 | @a吴洪丽@9wu hong li@4主编 |
| 701 | 0 | @a郝瑜@9hao yu@4主编 |
| 801 | 0 | @aCN@b91MARC@c20180412 |
| 905 | @aMuseLib@dS88@e178 | |
| 桑蚕高效生态种养关键技术/吴洪丽,郝瑜主编.-武汉:湖北科学技术出版社,2017.12 |
| 222页;24cm |
| ISBN 978-7-5352-9956-7:CNY35.00 |
| 本书实在国家桑蚕产业技术体系武汉综合试验站项目及湖北省科技厅技术创新专项项目支持下的产物。主要内容包括桑树生态栽培、桑园间作套种、果桑休闲采摘、家蚕省力饲养、蚕病综合防治、蚕业资源综合利用等,集成了目前国内最新桑蚕省力高效生态种养关键技术。 |
| ● |
| 相关链接 |
|
|
|
|
正题名:桑蚕高效生态种养关键技术
索取号:S88/178
 
预约/预借
| 序号 | 登录号 | 条形码 | 馆藏地/架位号 | 状态 | 备注 |
| 1 | 1127459 | 211274592 | 第二样本阅览室/ [索取号:S88/178] | 在馆 | |
| 2 | 1127460 | 211274609 | 第三借阅区/ [索取号:S88/178] | 在馆 | |
| 3 | 1127461 | 211274618 | 第三借阅区/ [索取号:S88/178] | 在馆 | |
| 4 | 1127462 | 211274627 | 第三借阅区/ [索取号:S88/178] | 在馆 | |
| 5 | 1127463 | 211274636 | 生命科学系资料室/ [索取号:S88/178] | 在馆 |